|
|
|
|
| LEADER |
01027nam a2200241 a 4500 |
| 001 |
GR-MES1827 |
| 008 |
991111s1988 enk 000 b eng d |
| 020 |
|
|
|a 0004123883
|
| 040 |
|
|
|a GrPaTEI
|b gre
|c GR-PaULI
|
| 245 |
0 |
0 |
|a Roses.
|
| 260 |
|
|
|a London :
|b Collins,
|c 1988
|
| 300 |
|
|
|a 48σ. :
|b pic.
|
| 490 |
1 |
|
|a Collins aura garden handbooks
|
| 500 |
|
|
|a Περιλαμβάνει ευρετήριο.
|
| 650 |
|
4 |
|a Καλλιέργεια
|
| 650 |
|
4 |
|a Τριαντάφυλλα
|
| 700 |
1 |
|
|a Gibson, Michael
|
| 710 |
2 |
|
|a Korinzukai
|
| 830 |
|
0 |
|1 0015549
|1 2001
|a Pilgrimage to mount Athos
|b Ηλεκτρονικοί πόροι
|d Προσκύνημα στο Άγιον Όρος ;
|v Mls multimedia
|
| 942 |
|
|
|2 ddc
|
| 952 |
|
|
|0 0
|1 0
|2 ddc
|4 0
|6 635_933000000000000_372_GIB
|7 0
|9 266117
|a MSLG
|b MSLG
|c BSC
|d 2021-01-17
|e 24
|f 0
|g 0.00
|l 0
|o 635.933 372 GIB
|p 2420000012403
|r 2021-01-17 00:00:00
|t 1
|v 2021.00
|w 2021-01-17
|y BK15
|x Μεταφορά από Αμαλιάδα (18/10/22)
|x GrPaTEI
|
| 971 |
|
|
|a .b25728714
|b 16-04-20
|c 13-09-16
|
| 999 |
|
|
|c 153023
|d 153023
|